Ace Attorney - Avocats - Statistiques

Statistiques générales
  • Ce quiz a été pris 205 fois
    105 depuis la dernière actualisation
  • Le résultat moyen est 9 sur 16
Statistiques - réponses
Première Apparition (Jeu) Première Apparition (Affaire) Avocat(e) % Correct
Phoenix Wright: Ace Attorney La première volte-face (Épisode 1) Phoenix Wright
100%
Phoenix Wright: Ace Attorney La première volte-face (Épisode 1) Mia Fey
99%
Apollo Justice: Ace Attorney Atout et volte-face (Épisode 1) Apollo Justice
90%
Phoenix Wright: Ace Attorney Adieux et volte-face (Épisode 4) - Incident DL-6 Henri Hunter
86%
Phoenix Wright: Ace Attorney - Dual Destinies Volte-face à rebours (Épisode 1) Athena Cykes
77%
Phoenix Wright: Ace Attorney - Trials and Tribulations La volte-face initiale (Épisode 4) Diego Armando
74%
Apollo Justice: Ace Attorney Atout et volte-face (Épisode 1) Kristoph Gavin
64%
Phoenix Wright: Ace Attorney La volte-face des soeurs (Épisode 2) Samuel Rosenberg
63%
The Great Ace Attorney: Adventures The Adventure of the Great Departure (Épisode 1) Ryunosuke Naruhodo
51%
Phoenix Wright: Ace Attorney Adieux et volte-face (Épisode 4) Jean Durand
37%
Phoenix Wright: Ace Attorney - Spirit of Justice La volte-face étrangère (Épisode 1) Dhurke Sahdmadhi
35%
Ace Attorney Investigations 2: Prosecutor's Gambit Volte-face et détention (Épisode 2) Frédéric Lapointe
35%
The Great Ace Attorney: Adventures The Adventure of the Great Departure (Épisode 1) Kazuma Asogi
33%
Ace Attorney Investigations: Miles Edgeworth Volte-face et réminiscences (Épisode 4) Anise Terrie
24%
Phoenix Wright: Ace Attorney - Dual Destinies Volte-face sur les bancs (Épisode 3) Félicio Fallacius
21%
Ace Attorney Investigations 2: Prosecutor's Gambit Volte-face et rémission (Épisode 4) Jessica Pulet
8%
Aucun quiz correspondant
Distribution des résultats
% des personnes avec chaque résultat
Percentile par nombre de réponses
Votre historique - résultats
Vous n’avez pas pris ce quiz depuis la dernière actualisation